AC Milan Squad 23/24 - Statistics

General Stats
  • This quiz has been taken 100 times
  • The average score is 17 of 26
Answer Stats
# Nation Former Club Answer % Correct
9 France Chelsea Olivier Giroud
95%
10 Portugal Lille Rafael Leao
92%
11 USA Chelsea Christian Pulisic
88%
16 France Lille Mike Maignan
86%
19 France Real Madrid Theo Hernandez
83%
4 Algeria Empoli Ismael Bennacer
82%
23 England Chelsea Fikayo Tomori
79%
8 England Chelsea Ruben Loftus-Cheek
79%
2 Italy Youth Davide Calabria
74%
14 Netherlands AZ Tijjani Reijnders
72%
21 Nigeria Villarreal Samuel Chukwueze
71%
17 Switzerland RB Salzburg Noah Okafor
66%
20 France Lyon Pierre Kalulu
66%
28 Germany Schalke Malick Thiaw
64%
80 USA Valencia Yunus Musah
64%
24 Denmark Sevilla Simon Kjaer
63%
33 Bosnia Empoli Rade Krunic
59%
7 France Bordeaux Yacine Adli
59%
15 Serbia Fiorentina Luka Jovic
57%
42 Italy AS Roma Alessandro Florenzi
49%
57 Italy Atalanta Marco Sportiello
42%
18 Italy Lazio Luka Romero
41%
83 Italy AS Roma Antonio Mirante
39%
32 Italy Youth Tommaso Pobega
38%
30 Italy Spezia Mattia Caldara
29%
31 Argentina Platense Marco Pellegrino
28%
No matching quizzes found
Score Distribution
Percent of People with Each Score
Percentile by Number Answered
Your Score History
You have not taken this quiz